000 01162nam a2200253Ia 4500
001 369
003 GE_BSU
008 181216s||||||||xx |||||||||||||| ||und||
020 _a9992887796
040 _cGE_BSU
080 _a141.333
100 _aშტაინერი, რუდოლფ
245 _aზოგადი ადამიანთმცოდნეობა როგორც პედაგოგიკის საფუძველი
245 _b14 ლექცია, წაკითხული შტუტგარტში 1919 წლის 21 აგვისტოდან 5 სექტემბრამდე თავისუფალი ვალდორფის სკოლის დაარსებასთან დაკავშირებით
245 _cთარგმნილია 1980 წლის მერვე გამოცემიდან
260 _aთბილისი
260 _bაწმყო
260 _c2005
300 _a241გვ.
541 _h20ლ.
653 _aანთროპოსოფია
653 _aპედაგოგიკა
942 _cBK
999 _c34607
_d34607